Statistics for Rock and Roll by Letter J

Click here to take the quiz!

General Stats

  • This quiz has been taken 100 times
  • The average score is 8 of 15

Answer Stats

HintAnswer% Correct
This influential female singer of the 60's died of a heroin overdose at the age of 27Janis Joplin
89%
"Don't Stop Believin", "Faithfully" and "Open Arms" were major hits for this bandJourney
89%
Most awarded artist in the history of popular musicMichael Jackson
73%
Probably the most famous rastafarian to ever live, this singer, songwriter, musician was born in this countryJamaica
64%
Tommy Tutone sang about her phone number (8675309)Jenny
64%
Kristen Stewart played her in the movie the RunawaysJoan Jett
61%
Song based on a true story about a 16 year old boy who shot himself in front of his classJeremy
56%
"Are You Gonna be My Girl?" bandJet
54%
Many believe he is AC/DC's 2nd singer when actually he's their 3rdBrian Johnson
43%
This famous frontman has acted in movies such as "Freejack", "Performance" and "Ned Kelly"Mick Jagger
42%
Produced "Off the Wall", "Thriller" and "Bad" albums for Michael JacksonQuincy Jones
42%
These two songs by AC/DC and Thin Lizzy have the same nameJailbreak
33%
Lennon wrote this Beatles song about his MotherJulia
32%
One of Kurt Cobain's two favorite styles of Fender guitarJaguar
9%
Tom Cruise portrayed this fictional rock god in "Rock of Ages"Stacee Jaxx
6%

Score Distribution

Percentile by Number Answered

Percent of People with Each Score

Your Score History

You have not taken this quiz